[Event "23rd Dortmund Meeting"]
[Site "Dortmund GER"]
[Date "1995.07.15"]
[Round "2"]
[White "Lobron, Eric"]
[Black "Lautier, Joel"]
[WhiteElo "2595"]
[BlackElo "2645"]
[Result "1-0"]
[EventDate "1995.07.14"]
[PlyCount "87"]

1.d4 d5 2.Nf3 e6 3.c4 dxc4 4.Nc3 a6 5.a4 Nc6 6.g3 Na5 7.Bf4 Nf6 8.e4 Bb4 
9.Qc2 Nb3 10.Rd1 b5 11.Bg2 Bb7 12.e5 Nd5 13.O-O Nxc3 14.bxc3 Be7 15.h4 h6 
16.Be3 Bd5 17.Ne1 O-O 18.Qe2 Qd7 19.Bxd5 Qxd5 20.Ng2 Qe4 21.Nf4 Rad8 22.f3
Qb7 23.axb5 axb5 24.g4 Bxh4 25.Nh5 c5 26.Qh2 Qe7 27.Kg2 cxd4 28.cxd4 Ra8 
29.Kh3 Rfd8 30.Qc2 Rd7 31.Qe4 Rad8 32.f4 g6 33.f5 exf5 34.gxf5 gxh5 35.f6 
Qe6+ 36.Kh2 Bg3+ 37.Kxg3 Qg4+ 38.Qxg4+ hxg4 39.Rf4 h5 40.Rf5 h4+ 41.Kxh4 
Nxd4 42.Rg5+ Kf8 43.Rh5 Kg8 44.Rh1 1-0

[Event "23rd Dortmund Meeting"]
[Site "Dortmund GER"]
[Date "1995.07.22"]
[Round "8"]
[White "Leko, Peter"]
[Black "Karpov, Anatoly"]
[WhiteElo "2605"]
[BlackElo "2775"]
[Result "1/2-1/2"]
[EventDate "1995.07.14"]
[PlyCount "111"]

1.e4 c6 2.d4 d5 3.Nc3 dxe4 4.Nxe4 Nd7 5.Ng5 Ngf6 6.Bd3 e6 7.N1f3 Bd6 8.Qe2
h6 9.Ne4 Nxe4 10.Qxe4 Nf6 11.Qe2 b6 12.Bd2 Bb7 13.O-O-O Qc7 14.Ne5 c5 15.
Bb5+ Ke7 16.dxc5 Qxc5 17.Bc3 Rhd8 18.Bd4 Qc7 19.Rhe1 Kf8 20.c3 a6 21.Bd3 
b5 22.Kb1 b4 23.Nc4 Bc5 24.Bxc5+ Qxc5 25.cxb4 Qxb4 26.a3 Qc5 27.f3 a5 28.
Rc1 Rd4 29.Ne5 Qd6 30.Qc2 Nd7 31.Nxd7+ Qxd7 32.Qc5+ Kg8 33.Bb5 Qd8 34.Qc7 
Bd5 35.Qxd8+ Rxd8 36.Rc3 a4 37.Rec1 f5 38.Bc4 Kf7 39.b4 axb3 40.Bxd5 R8xd5
41.Rxb3 Kf6 42.Kb2 e5 43.Rb4 e4 44.fxe4 fxe4 45.Rxd4 Rxd4 46.Kc2 Ke5 47.
Rd1 Ra4 48.Ra1 g5 49.Kd2 Kd4 50.Ke2 h5 51.h3 h4 52.Ra2 Kd5 53.Ke3 Ke5 54.
Ra1 Kd5 55.Rd1+ Ke5 56.Ra1 1/2-1/2

[Event "23rd Dortmund Meeting"]
[Site "Dortmund GER"]
[Date "1995.07.23"]
[Round "9"]
[White "Lobron, Eric"]
[Black "Short, Nigel D"]
[WhiteElo "2595"]
[BlackElo "2645"]
[Result "1/2-1/2"]
[EventDate "1995.07.14"]
[PlyCount "113"]

1.d4 e6 2.c4 Bb4+ 3.Bd2 a5 4.Nf3 d5 5.Nc3 Nf6 6.Bg5 h6 7.Bxf6 Qxf6 8.e3 
O-O 9.Qc2 c5 10.cxd5 exd5 11.a3 Bxc3+ 12.bxc3 c4 13.Qb2 Ra6 14.Qb5 Qd6 15.
Be2 Rb6 16.Qxa5 Rb2 17.Ne5 Nd7 18.Bf3 Nxe5 19.dxe5 Qxe5 20.O-O Be6 21.Rac1
g5 22.h3 f5 23.Rb1 Rxb1 24.Rxb1 g4 25.Be2 gxh3 26.Rxb7 f4 27.Qc7 Qxc7 28.
Rxc7 fxe3 29.fxe3 hxg2 30.Kxg2 Ra8 31.Bf3 Rxa3 32.Rc5 Rxc3 33.Kf2 Rc2+ 34.
Ke1 Rc3 35.Kf2 Rd3 36.Be2 Rd2 37.Ke1 Rb2 38.e4 dxe4 39.Bxc4 Rb6 40.Ke2 Kf7
41.Ke3 Kf6 42.Kf4 Bd7 43.Kxe4 Rb4 44.Ke3 h5 45.Be2 h4 46.Bf3 Bf5 47.Bc6 h3
48.Kf2 Rb3 49.Kg1 Rb2 50.Kh1 Rf2 51.Kg1 Rd2 52.Kh1 Rd4 53.Bb7 Rb4 54.Bc8 
Rb1+ 55.Kh2 Rb2+ 56.Kg3 Rg2+ 57.Kf3 1/2-1/2